书目信息 |
| 题名: |
恒星在飞驰
|
|
| 作者: | 于今昌 主编 | |
| 分册: | ||
| 出版信息: | 北京 中国社会出版社 2006.09 |
|
| 页数: | 221页 | |
| 开本: | 21cm | |
| 丛书名: | 精彩物理故事丛书 | |
| 单 册: | ||
| 中图分类: | P3-49 | |
| 科图分类: | ||
| 主题词: | 恒星物理学--通俗读物 | |
| 电子资源: | ||
| ISBN: | 978-7-5087-1019-8 | |
| 000 | 00839nam 2200253 450 | |
| 001 | 003382431 | |
| 005 | 20100805174738.71 | |
| 010 | @a978-7-5087-1019-8@dCNY10.00 | |
| 090 | @aP14@byjc | |
| 100 | @a20100515d2006 em y0chiy50 ea | |
| 101 | 0 | @achi |
| 102 | @aCN@b110000 | |
| 105 | @aa z 000yy | |
| 200 | 1 | @a恒星在飞驰@Aheng xing zai fei chi@f于今昌主编@Fyu jin chang zhu bian |
| 210 | @a北京@c中国社会出版社@d2006.09 | |
| 215 | @a221页@c图, 照片@d21cm | |
| 225 | 2 | @a精彩物理故事丛书 |
| 330 | @a本书介绍了宇宙的奥秘和对宇宙的探索,以激发青少年朋友对物理学的兴趣、爱好,有助于学习、理解、精通物理学这门课程,内容包括小儿辩日、夸父逐日等。 | |
| 410 | @12001 @a精彩物理故事丛书 | |
| 606 | 0 | @a恒星物理学@x通俗读物 |
| 690 | @aP3-49@v4 | |
| 701 | 0 | @a于今昌@Ayu jin chang@4主编 |
| 801 | @c20100515 | |
| 905 | @dP3-49@eY710@f5 | |
| 恒星在飞驰/于今昌主编.-北京:中国社会出版社,2006.09 |
| 221页:图, 照片;21cm.-(精彩物理故事丛书) |
| ISBN 978-7-5087-1019-8:CNY10.00 |
| 本书介绍了宇宙的奥秘和对宇宙的探索,以激发青少年朋友对物理学的兴趣、爱好,有助于学习、理解、精通物理学这门课程,内容包括小儿辩日、夸父逐日等。 |
| ● |
| 相关链接 |
|
|
|
正题名:恒星在飞驰
索取号:P3-49/Y710
 
预约/预借
| 序号 | 登录号 | 条形码 | 馆藏地/架位号 | 状态 | 备注 |
| 1 | 997708 | 209977088 | 社科二线400B/400B社科库 9排4列5层/ [索取号:P3-49/Y710] | 在馆 | |
| 2 | 997709 | 209977097 | 自科库401/401自科库 125排2列6层/ [索取号:P3-49/Y710] | 在馆 | |
| 3 | 997710 | 209977104 | 期刊室512/401自科库 119排1列5层/ [索取号:P3-49/Y710] | 在馆 | |
| 4 | 997711 | 209977113 | 社科二线400B/401自科库 120排1列6层/ [索取号:P3-49/Y710] | 在馆 | |
| 5 | 997712 | 209977122 | 社科二线400B/401自科库 120排1列6层/ [索取号:P3-49/Y710] | 在馆 |